[Event "M?R 2020 v bleskovém ?achu druzstev"]
[Site "Turnov"]
[Date "2020.09.12"]
[Round "13.8"]
[White "Jezek JIC, Milan"]
[Black "Keller KHO, Daniel"]
[Result "0-1"]
[BlackElo "2096"]
[WhiteElo "1657"]
[LiveChessVersion "1.4.8"]

1. c4 {[%clk 0:03:03]} Nf6 {[%clk 0:03:02]} 2. Nc3 {[%clk 0:03:04]} d6
{[%clk 0:03:03]} 3. g3 {[%clk 0:03:04]} c6 {[%clk 0:03:04]} 4. Bg2
{[%clk 0:03:05]} e6 {[%clk 0:02:42]} 5. e4 {[%clk 0:03:06]} Be7 {[%clk 0:02:43]}
6. Nge2 {[%clk 0:03:06]} d5 {[%clk 0:02:42]} 7. e5 {[%clk 0:03:02]} Nfd7
{[%clk 0:02:43]} 8. cxd5 {[%clk 0:02:56]} exd5 {[%clk 0:02:37]} 9. d4
{[%clk 0:02:55]} O-O {[%clk 0:02:38]} 10. O-O {[%clk 0:02:55]} Na6
{[%clk 0:02:28]} 11. f4 {[%clk 0:02:53]} f5 {[%clk 0:02:29]} 12. Be3
{[%clk 0:02:31]} Nc7 {[%clk 0:02:28]} 13. Rc1 {[%clk 0:02:27]} Ne6
{[%clk 0:02:29]} 14. Qc2 {[%clk 0:02:19]} Nb6 {[%clk 0:02:03]} 15. b3
{[%clk 0:02:17]} Ba3 {[%clk 0:02:02]} 16. Rcd1 {[%clk 0:02:15]} a5
{[%clk 0:01:55]} 17. Bh3 {[%clk 0:02:13]} g6 {[%clk 0:01:56]} 18. Nb1
{[%clk 0:01:55]} Qe7 {[%clk 0:01:43]} 19. Bc1 {[%clk 0:01:41]} Bxc1
{[%clk 0:01:32]} 20. Qxc1 {[%clk 0:01:39]} a4 {[%clk 0:01:30]} 21. Nd2
{[%clk 0:01:27]} Qb4 {[%clk 0:01:24]} 22. Qc2 {[%clk 0:01:17]} Nxd4
{[%clk 0:01:19]} 23. Nxd4 0-1

[Event "M?R 2020 v bleskovém ?achu druzstev"]
[Site "Turnov"]
[Date "2020.09.12"]
[Round "14.1"]
[White "Kraus TUR_A, Tomas"]
[Black "Cech TUR_B, Pavel"]
[Result "1/2-1/2"]
[BlackElo "2361"]
[WhiteElo "2417"]
[LiveChessVersion "1.4.8"]

1. c4 {[%clk 0:03:03]} c6 {[%clk 0:03:02]} 2. e4 {[%clk 0:03:04]} e5
{[%clk 0:03:01]} 3. Nc3 {[%clk 0:03:04]} d6 {[%clk 0:03:02]} 4. Nf3
{[%clk 0:03:04]} Nf6 {[%clk 0:03:02]} 5. d4 {[%clk 0:03:05]} Nbd7
{[%clk 0:03:04]} 6. Be2 {[%clk 0:03:06]} Be7 {[%clk 0:03:05]} 7. O-O
{[%clk 0:03:07]} O-O {[%clk 0:03:06]} 8. Re1 {[%clk 0:03:08]} a6 {[%clk 0:03:00]}
9. a4 {[%clk 0:03:04]} a5 {[%clk 0:02:59]} 10. Bf1 {[%clk 0:03:04]} Re8
{[%clk 0:02:41]} 11. b3 {[%clk 0:02:38]} Qc7 {[%clk 0:02:35]} 12. Bb2
{[%clk 0:02:35]} Nf8 {[%clk 0:02:34]} 13. g3 {[%clk 0:02:31]} Ne6
{[%clk 0:02:18]} 14. Bg2 {[%clk 0:02:18]} Bf8 {[%clk 0:02:04]} 15. Qd2
{[%clk 0:02:18]} Bd7 {[%clk 0:01:53]} 16. Rad1 {[%clk 0:02:19]} Rad8
{[%clk 0:01:54]} 17. Qc2 {[%clk 0:02:20]} Bc8 {[%clk 0:01:55]} 18. h3
{[%clk 0:02:21]} h6 {[%clk 0:01:37]} 19. Rd2 {[%clk 0:01:59]} Ng5
{[%clk 0:01:35]} 20. Nxg5 {[%clk 0:01:40]} hxg5 {[%clk 0:01:36]} 21. Rdd1
{[%clk 0:01:29]} g4 {[%clk 0:01:18]} 22. h4 {[%clk 0:01:29]} exd4
{[%clk 0:01:11]} 23. Rxd4 {[%clk 0:01:27]} Nd7 {[%clk 0:01:12]} 24. Ne2
{[%clk 0:01:14]} Ne5 {[%clk 0:01:12]} 25. Nf4 {[%clk 0:01:14]} Nf3+
{[%clk 0:00:56]} 26. Bxf3 {[%clk 0:01:15]} gxf3 {[%clk 0:00:57]} 27. Qc3
{[%clk 0:00:33]} Bg4 {[%clk 0:00:56]} 28. Rd3 {[%clk 0:00:27]} Re5
{[%clk 0:00:33]} 29. Qd2 {[%clk 0:00:21]} Ree8 {[%clk 0:00:29]} 30. Qc3
{[%clk 0:00:22]} Re5 {[%clk 0:00:30]} 31. Qd2 {[%clk 0:00:23]} Ree8 1/2-1/2

[Event "M?R 2020 v bleskovém ?achu druzstev"]
[Site "Turnov"]
[Date "2020.09.12"]
[Round "14.2"]
[White "Sodoma TUR_B, Jan"]
[Black "Simacek TUR_A, Pavel"]
[Result "0-1"]
[BlackElo "2407"]
[WhiteElo "2239"]
[LiveChessVersion "1.4.8"]

1. e4 {[%clk 0:03:02]} d5 {[%clk 0:03:02]} 2. exd5 {[%clk 0:03:02]} Nf6
{[%clk 0:03:02]} 3. d4 {[%clk 0:03:00]} Nxd5 {[%clk 0:03:03]} 4. c4
{[%clk 0:03:01]} Nb6 {[%clk 0:03:03]} 5. Be2 {[%clk 0:02:58]} Bf5
{[%clk 0:02:56]} 6. Nc3 {[%clk 0:02:58]} e6 {[%clk 0:02:56]} 7. Nf3
{[%clk 0:02:58]} Nc6 {[%clk 0:02:56]} 8. O-O {[%clk 0:02:54]} Be7
{[%clk 0:02:42]} 9. Bf4 {[%clk 0:02:42]} O-O {[%clk 0:02:38]} 10. Rc1
{[%clk 0:02:39]} Bf6 {[%clk 0:02:25]} 11. Be3 {[%clk 0:01:37]} Re8
{[%clk 0:02:23]} 12. h3 {[%clk 0:01:38]} h6 {[%clk 0:02:23]} 13. Qd2
{[%clk 0:01:32]} Re7 {[%clk 0:02:18]} 14. c5 {[%clk 0:00:56]} Nd5
{[%clk 0:02:18]} 15. Nxd5 {[%clk 0:00:57]} exd5 {[%clk 0:02:19]} 16. b4
{[%clk 0:00:49]} a6 {[%clk 0:02:18]} 17. Rfe1 {[%clk 0:00:49]} Be4
{[%clk 0:02:15]} 18. a4 {[%clk 0:00:48]} Re6 {[%clk 0:02:09]} 19. Ra1
{[%clk 0:00:35]} Ne7 {[%clk 0:01:39]} 20. Bf4 {[%clk 0:00:28]} Nf5
{[%clk 0:01:33]} 21. Be5 {[%clk 0:00:28]} Bxf3 {[%clk 0:01:29]} 22. Bxf3
{[%clk 0:00:22]} Bxe5 {[%clk 0:01:26]} 23. dxe5 {[%clk 0:00:16]} c6
{[%clk 0:01:27]} 24. Bg4 {[%clk 0:00:17]} g6 {[%clk 0:01:24]} 25. Bxf5
{[%clk 0:00:15]} gxf5 {[%clk 0:01:25]} 26. Ra3 {[%clk 0:00:15]} Kh7
{[%clk 0:01:20]} 27. Qf4 {[%clk 0:00:16]} Qg5 {[%clk 0:01:20]} 28. Rf3
{[%clk 0:00:16]} Qxf4 {[%clk 0:01:18]} 29. Rxf4 {[%clk 0:00:17]} Kg6
{[%clk 0:01:19]} 30. Re3 {[%clk 0:00:09]} Kg5 {[%clk 0:01:20]} 31. g3
{[%clk 0:00:04]} Rae8 {[%clk 0:01:20]} 32. h4+ {[%clk 0:00:05]} Kg6
{[%clk 0:01:21]} 33. g4 {[%clk 0:00:05]} Rxe5 {[%clk 0:01:16]} 34. gxf5+
{[%clk 0:00:06]} Kf6 {[%clk 0:01:17]} 35. Rg3 {[%clk 0:00:06]} Re4
{[%clk 0:01:16]} 36. Rgg4 {[%clk 0:00:07]} Rxf4 {[%clk 0:01:16]} 37. Rxf4
{[%clk 0:00:08]} Re4 {[%clk 0:01:16]} 0-1

[Event "M?R 2020 v bleskovém ?achu druzstev"]
[Site "Turnov"]
[Date "2020.09.12"]
[Round "14.3"]
[White "Vykouk TUR_A, Jan"]
[Black "Liska TUR_B, Jiri"]
[Result "1-0"]
[BlackElo "2239"]
[WhiteElo "2374"]
[LiveChessVersion "1.4.8"]

1. e4 {[%clk 0:03:02]} c5 {[%clk 0:03:02]} 2. Nf3 {[%clk 0:03:03]} Nc6
{[%clk 0:03:02]} 3. d4 {[%clk 0:03:03]} cxd4 {[%clk 0:03:02]} 4. Nxd4
{[%clk 0:03:04]} Nf6 {[%clk 0:03:01]} 5. Nc3 {[%clk 0:03:06]} e5 {[%clk 0:03:01]}
6. Ndb5 {[%clk 0:03:06]} d6 {[%clk 0:03:02]} 7. Bg5 {[%clk 0:03:07]} a6
{[%clk 0:03:03]} 8. Na3 {[%clk 0:03:08]} b5 {[%clk 0:03:04]} 9. Nd5
{[%clk 0:03:09]} Be7 {[%clk 0:03:05]} 10. Bxf6 {[%clk 0:03:10]} Bxf6
{[%clk 0:03:06]} 11. c4 {[%clk 0:03:10]} b4 {[%clk 0:03:02]} 12. Nc2
{[%clk 0:03:11]} Bg5 {[%clk 0:02:57]} 13. g3 {[%clk 0:03:12]} Rb8
{[%clk 0:02:57]} 14. b3 {[%clk 0:03:12]} O-O {[%clk 0:02:52]} 15. Bg2
{[%clk 0:03:12]} Be6 {[%clk 0:02:40]} 16. O-O {[%clk 0:03:12]} a5
{[%clk 0:02:29]} 17. Qd3 {[%clk 0:03:12]} f5 {[%clk 0:02:15]} 18. f4
{[%clk 0:03:06]} Bh6 {[%clk 0:01:59]} 19. Rad1 {[%clk 0:02:30]} exf4
{[%clk 0:01:04]} 20. Nxf4 {[%clk 0:02:29]} Bxf4 {[%clk 0:00:47]} 21. Rxf4
{[%clk 0:02:29]} Qb6+ {[%clk 0:00:07]} 22. Kh1 {[%clk 0:02:30]} fxe4
{[%clk 0:00:06]} 23. Rxf8+ {[%clk 0:02:15]} Rxf8 {[%clk 0:00:07]} 24. Qxe4
{[%clk 0:02:14]} Ne5 {[%clk 0:00:05]} 25. Nd4 {[%clk 0:01:49]} Bd7
{[%clk 0:00:07]} 26. h3 {[%clk 0:01:29]} Qc5 {[%clk 0:00:08]} 27. Qd5+
{[%clk 0:01:20]} Kh8 {[%clk 0:00:09]} 28. Qxc5 {[%clk 0:01:08]} dxc5
{[%clk 0:00:10]} 29. Nf3 {[%clk 0:01:03]} Nxf3 {[%clk 0:00:06]} 30. Rxd7
{[%clk 0:01:03]} Nd4 {[%clk 0:00:06]} 31. Rc7 {[%clk 0:00:57]} h6
{[%clk 0:00:05]} 32. Rxc5 {[%clk 0:00:58]} a4 {[%clk 0:00:04]} 33. bxa4
{[%clk 0:00:57]} Rf2 {[%clk 0:00:04]} 34. Rd5 {[%clk 0:00:46]} Ne2
{[%clk 0:00:04]} 35. Kh2 {[%clk 0:00:35]} g5 {[%clk 0:00:03]} 36. Rd2
{[%clk 0:00:24]} Kg7 37. a5 1-0

[Event "M?R 2020 v bleskovém ?achu druzstev"]
[Site "Turnov"]
[Date "2020.09.12"]
[Round "14.4"]
[White "Kucera TUR_B, Petr"]
[Black "Studnicka TUR_A, Tomas"]
[Result "0-1"]
[BlackElo "2155"]
[WhiteElo "2252"]
[LiveChessVersion "1.4.8"]

1. d4 {[%clk 0:03:02]} Nf6 {[%clk 0:03:04]} 2. Bf4 {[%clk 0:03:02]} d5
{[%clk 0:02:52]} 3. e3 {[%clk 0:03:02]} c5 {[%clk 0:02:53]} 4. c3
{[%clk 0:03:02]} Nc6 {[%clk 0:02:53]} 5. Nd2 {[%clk 0:03:03]} Bf5
{[%clk 0:02:51]} 6. Qb3 {[%clk 0:01:43]} Qc8 {[%clk 0:02:51]} 7. dxc5
{[%clk 0:01:30]} e6 {[%clk 0:02:37]} 8. Ngf3 {[%clk 0:01:26]} Bxc5
{[%clk 0:02:36]} 9. Nd4 {[%clk 0:01:18]} Bg6 {[%clk 0:02:36]} 10. Be2
{[%clk 0:01:04]} O-O {[%clk 0:02:36]} 11. N2f3 {[%clk 0:00:52]} Nd7
{[%clk 0:02:30]} 12. Nxc6 {[%clk 0:00:46]} bxc6 {[%clk 0:02:30]} 13. Qa4
{[%clk 0:00:36]} Re8 {[%clk 0:02:28]} 14. O-O {[%clk 0:00:32]} Bb6
{[%clk 0:02:19]} 15. Nh4 {[%clk 0:00:29]} Be4 {[%clk 0:02:10]} 16. Nf3
{[%clk 0:00:24]} e5 {[%clk 0:01:47]} 17. Bg3 {[%clk 0:00:25]} Bf5
{[%clk 0:01:38]} 18. Rad1 {[%clk 0:00:18]} 0-1

[Event "M?R 2020 v bleskovém ?achu druzstev"]
[Site "Turnov"]
[Date "2020.09.12"]
[Round "14.6"]
[White "Wasserbauer KOL, Radek"]
[Black "Bores CLI, Roman"]
[Result "1-0"]
[BlackElo "2074"]
[WhiteElo "2059"]
[LiveChessVersion "1.4.8"]

1. e4 {[%clk 0:03:03]} c5 {[%clk 0:03:03]} 2. Nc3 {[%clk 0:03:04]} Nc6
{[%clk 0:03:04]} 3. Bb5 {[%clk 0:03:05]} Nd4 {[%clk 0:03:05]} 4. Bc4
{[%clk 0:03:06]} g6 {[%clk 0:03:02]} 5. d3 {[%clk 0:03:07]} Bg7 {[%clk 0:03:04]}
6. f4 {[%clk 0:03:06]} h5 {[%clk 0:02:59]} 7. Nf3 {[%clk 0:03:07]} Nh6
{[%clk 0:02:59]} 8. O-O {[%clk 0:03:07]} O-O {[%clk 0:03:00]} 9. Be3
{[%clk 0:02:57]} f5 {[%clk 0:02:58]} 10. e5+ {[%clk 0:02:58]} Kh8
{[%clk 0:02:52]} 11. Nxd4 {[%clk 0:02:47]} cxd4 {[%clk 0:02:53]} 12. Bxd4
{[%clk 0:02:48]} d6 {[%clk 0:02:38]} 13. Qe2 {[%clk 0:02:29]} Ng4
{[%clk 0:02:27]} 14. Kh1 {[%clk 0:02:01]} dxe5 {[%clk 0:02:21]} 15. Bxe5
{[%clk 0:02:02]} Nxe5 {[%clk 0:02:17]} 16. fxe5 {[%clk 0:02:03]} e6
{[%clk 0:02:02]} 17. Qe3 {[%clk 0:01:48]} a6 {[%clk 0:01:45]} 18. Ne2
{[%clk 0:01:48]} Qe7 {[%clk 0:01:31]} 19. Nf4 {[%clk 0:01:47]} Kh7
{[%clk 0:01:32]} 20. d4 {[%clk 0:01:33]} b5 {[%clk 0:01:15]} 21. Bb3
{[%clk 0:01:31]} Bh6 {[%clk 0:01:03]} 22. Qf3 {[%clk 0:01:15]} Bb7
{[%clk 0:00:59]} 23. Qg3 {[%clk 0:01:15]} Bxf4 {[%clk 0:00:51]} 24. Qxf4
{[%clk 0:01:16]} g5 {[%clk 0:00:47]} 25. Qe3 {[%clk 0:01:02]} Rad8 26. c3
{[%clk 0:01:04]} f4 {[%clk 0:00:34]} 27. Bc2+ {[%clk 0:01:03]} Kh6
{[%clk 0:00:34]} 28. Qd3 {[%clk 0:01:04]} Qg7 {[%clk 0:00:35]} 29. a4
{[%clk 0:01:02]} Bd5 30. axb5 {[%clk 0:00:59]} axb5 {[%clk 0:00:33]} 31. Ra7
{[%clk 0:00:54]} Rd7 {[%clk 0:00:29]} 32. Rxd7 {[%clk 0:00:55]} Qxd7
{[%clk 0:00:30]} 33. Qg6# {[%clk 0:00:56]} 1-0

[Event "M?R 2020 v bleskovém ?achu druzstev"]
[Site "Turnov"]
[Date "2020.09.12"]
[Round "14.7"]
[White "Habenicht CLI, Martin"]
[Black "Cozl KOL, David"]
[Result "1-0"]
[BlackElo "1942"]
[WhiteElo "1844"]
[LiveChessVersion "1.4.8"]

1. Nf3 {[%clk 0:03:03]} c6 {[%clk 0:03:03]} 2. c4 {[%clk 0:03:04]} d5
{[%clk 0:03:03]} 3. d4 {[%clk 0:03:03]} Nf6 {[%clk 0:03:03]} 4. Nc3
{[%clk 0:03:04]} g6 {[%clk 0:03:03]} 5. e3 {[%clk 0:02:58]} Bg7 {[%clk 0:03:04]}
6. Be2 {[%clk 0:02:56]} O-O {[%clk 0:03:04]} 7. O-O {[%clk 0:02:56]} Bg4
{[%clk 0:03:02]} 8. h3 {[%clk 0:02:57]} Bxf3 {[%clk 0:03:02]} 9. Bxf3
{[%clk 0:02:58]} dxc4 {[%clk 0:03:02]} 10. a4 {[%clk 0:02:57]} Nbd7
{[%clk 0:02:57]} 11. Qe2 {[%clk 0:02:56]} Nb6 {[%clk 0:02:53]} 12. a5
{[%clk 0:02:51]} Nbd5 {[%clk 0:02:53]} 13. Qxc4 {[%clk 0:02:51]} Rc8
{[%clk 0:02:51]} 14. e4 {[%clk 0:02:45]} Nc7 {[%clk 0:02:40]} 15. Be3
{[%clk 0:02:41]} e6 {[%clk 0:02:41]} 16. Rfd1 {[%clk 0:02:41]} Qe7
{[%clk 0:02:36]} 17. Rac1 {[%clk 0:02:35]} Na6 {[%clk 0:02:37]} 18. Qb3
{[%clk 0:02:25]} Qb4 {[%clk 0:02:36]} 19. Qxb4 {[%clk 0:02:22]} Nxb4
{[%clk 0:02:37]} 20. Na4 {[%clk 0:02:20]} Nd7 {[%clk 0:02:22]} 21. Nc5
{[%clk 0:01:23]} Nxc5 {[%clk 0:02:17]} 22. Rxc5 {[%clk 0:01:23]} Na6
{[%clk 0:02:13]} 23. Rcc1 {[%clk 0:01:20]} c5 {[%clk 0:02:03]} 24. dxc5
{[%clk 0:01:09]} Bxb2 {[%clk 0:01:54]} 25. Rb1 {[%clk 0:01:04]} Bc3
{[%clk 0:01:55]} 26. Rxb7 {[%clk 0:00:58]} Bxa5 {[%clk 0:01:50]} 27. Rxa7
{[%clk 0:00:50]} Ra8 {[%clk 0:01:50]} 28. Rxa8 {[%clk 0:00:39]} Rxa8
{[%clk 0:01:51]} 29. Ra1 {[%clk 0:00:37]} Nc7 {[%clk 0:01:46]} 30. Rb1
{[%clk 0:00:22]} Bc3 {[%clk 0:01:40]} 31. Rb7 {[%clk 0:00:17]} Kg7
{[%clk 0:01:29]} 32. g3 {[%clk 0:00:15]} Be5 {[%clk 0:01:27]} 33. Bg2
{[%clk 0:00:10]} Ra1+ {[%clk 0:01:26]} 34. Bf1 {[%clk 0:00:07]} h5
{[%clk 0:01:26]} 35. f4 {[%clk 0:00:09]} Ra3 {[%clk 0:01:18]} 36. Bf2
{[%clk 0:00:07]} h4 {[%clk 0:01:10]} 37. fxe5 {[%clk 0:00:06]} hxg3
{[%clk 0:01:11]} 38. Bd4 Ne8 {[%clk 0:00:58]} 39. c6 {[%clk 0:00:08]} Ra4
{[%clk 0:00:56]} 40. Bc3 {[%clk 0:00:06]} Rxe4 {[%clk 0:00:57]} 41. Bd2
{[%clk 0:00:04]} Rd4 {[%clk 0:00:55]} 42. Be3 {[%clk 0:00:05]} Re4
{[%clk 0:00:53]} 43. Bc1 {[%clk 0:00:05]} Rxe5 {[%clk 0:00:53]} 44. Bb2
{[%clk 0:00:06]} f6 {[%clk 0:00:54]} 45. Bxe5+ {[%clk 0:00:07]} fxe5
{[%clk 0:00:55]} 46. c7 1-0

[Event "M?R 2020 v bleskovém ?achu druzstev"]
[Site "Turnov"]
[Date "2020.09.12"]
[Round "15.1"]
[White "Polak KHO, Benedikt"]
[Black "Kraus TUR_A, Tomas"]
[Result "0-1"]
[BlackElo "2417"]
[WhiteElo "2161"]
[LiveChessVersion "1.4.8"]

1. e4 {[%clk 0:03:02]} d6 {[%clk 0:03:03]} 2. d4 {[%clk 0:02:59]} Nf6
{[%clk 0:03:04]} 3. Nc3 {[%clk 0:02:58]} e5 {[%clk 0:03:05]} 4. Nf3
{[%clk 0:02:51]} Nbd7 {[%clk 0:03:06]} 5. Bc4 {[%clk 0:02:44]} Be7
{[%clk 0:03:07]} 6. O-O {[%clk 0:02:43]} O-O {[%clk 0:03:08]} 7. a4
{[%clk 0:02:33]} c6 {[%clk 0:03:09]} 8. a5 {[%clk 0:02:27]} Rb8 {[%clk 0:03:10]}
9. h3 {[%clk 0:02:16]} b5 {[%clk 0:03:06]} 10. axb6 {[%clk 0:02:15]} axb6
{[%clk 0:03:07]} 11. Bb3 {[%clk 0:02:07]} b5 {[%clk 0:03:03]} 12. dxe5
{[%clk 0:01:51]} dxe5 {[%clk 0:02:59]} 13. Re1 {[%clk 0:01:46]} Qc7
{[%clk 0:02:56]} 14. Qe2 {[%clk 0:01:28]} Nc5 {[%clk 0:02:51]} 15. Bg5
{[%clk 0:01:12]} Be6 {[%clk 0:02:14]} 16. Bxe6 {[%clk 0:00:54]} Nxe6
{[%clk 0:02:14]} 17. Be3 {[%clk 0:00:50]} Ra8 {[%clk 0:02:11]} 18. Nd2
{[%clk 0:00:41]} Nd4 {[%clk 0:01:53]} 19. Bxd4 {[%clk 0:00:25]} exd4
{[%clk 0:01:54]} 20. Rxa8 {[%clk 0:00:24]} Rxa8 {[%clk 0:01:55]} 21. Nd1
{[%clk 0:00:21]} Re8 {[%clk 0:01:47]} 22. e5 {[%clk 0:00:17]} Nd5
{[%clk 0:01:36]} 23. Nf3 {[%clk 0:00:16]} Bb4 {[%clk 0:01:33]} 24. Rf1
{[%clk 0:00:10]} f6 {[%clk 0:01:32]} 25. e6 {[%clk 0:00:09]} Nf4 {[%clk 0:01:22]}
26. Qe4 {[%clk 0:00:08]} Rxe6 {[%clk 0:01:15]} 27. Qf5 {[%clk 0:00:03]} g6
{[%clk 0:01:01]} 28. Qg4 {[%clk 0:00:04]} h5 {[%clk 0:00:39]} 29. Qh4
{[%clk 0:00:05]} g5 {[%clk 0:00:41]} 30. Nxg5 {[%clk 0:00:06]} fxg5
{[%clk 0:00:42]} 31. Qxg5+ {[%clk 0:00:07]} Rg6 {[%clk 0:00:44]} 32. Qf5
{[%clk 0:00:06]} Rxg2+ {[%clk 0:00:23]} 33. Kh1 {[%clk 0:00:07]} Qf7
{[%clk 0:00:11]} 34. Qc8+ {[%clk 0:00:07]} Bf8 {[%clk 0:00:11]} 35. Qxc6
{[%clk 0:00:04]} Qf5 {[%clk 0:00:11]} 36. Qf3 0-1

[Event "M?R 2020 v bleskovém ?achu druzstev"]
[Site "Turnov"]
[Date "2020.09.12"]
[Round "15.2"]
[White "Simacek TUR_A, Pavel"]
[Black "Vrkota KHO, Milos"]
[Result "1-0"]
[BlackElo "2075"]
[WhiteElo "2407"]
[LiveChessVersion "1.4.8"]

1. e4 {[%clk 0:03:02]} c6 {[%clk 0:03:03]} 2. d4 {[%clk 0:03:02]} d5
{[%clk 0:03:05]} 3. Nd2 {[%clk 0:03:03]} dxe4 {[%clk 0:03:06]} 4. Nxe4
{[%clk 0:03:04]} Bf5 {[%clk 0:03:08]} 5. Ng3 {[%clk 0:03:05]} Bg6
{[%clk 0:03:09]} 6. h4 {[%clk 0:03:06]} h6 {[%clk 0:03:11]} 7. Nh3
{[%clk 0:03:07]} e6 {[%clk 0:03:02]} 8. Nf4 {[%clk 0:03:08]} Bf5 {[%clk 0:02:40]}
9. Nxf5 {[%clk 0:02:57]} Qa5+ {[%clk 0:02:41]} 10. c3 {[%clk 0:02:51]} Qxf5
{[%clk 0:02:42]} 11. Bd3 {[%clk 0:02:51]} Qf6 {[%clk 0:02:43]} 12. Qb3
{[%clk 0:02:43]} b6 {[%clk 0:02:38]} 13. Be4 {[%clk 0:02:30]} Bd6
{[%clk 0:02:34]} 14. Nh5 {[%clk 0:02:28]} Qe7 {[%clk 0:02:27]} 15. Nxg7+ Kf8 16.
Nh5 {[%clk 0:02:29]} Nf6 {[%clk 0:02:25]} 17. Nxf6 {[%clk 0:02:25]} Qxf6
{[%clk 0:02:26]} 18. Be3 {[%clk 0:02:24]} Qe7 {[%clk 0:02:03]} 19. O-O-O
{[%clk 0:02:17]} Qc7 {[%clk 0:02:04]} 20. Kb1 {[%clk 0:01:59]} Nd7
{[%clk 0:02:04]} 21. Qc4 {[%clk 0:02:00]} Rc8 {[%clk 0:02:03]} 22. g4
{[%clk 0:01:59]} Nf6 {[%clk 0:02:02]} 23. Bf3 {[%clk 0:02:00]} Nd5
{[%clk 0:01:54]} 24. g5 {[%clk 0:01:55]} Bf4 {[%clk 0:01:26]} 25. Bxd5
{[%clk 0:01:47]} exd5 {[%clk 0:01:26]} 26. Qd3 {[%clk 0:01:48]} hxg5
{[%clk 0:01:22]} 27. hxg5 {[%clk 0:01:47]} Kg7 {[%clk 0:01:23]} 28. Qf5
{[%clk 0:01:46]} Bxe3 {[%clk 0:01:13]} 29. Qf6+ {[%clk 0:01:46]} 1-0

[Event "M?R 2020 v bleskovém ?achu druzstev"]
[Site "Turnov"]
[Date "2020.09.12"]
[Round "15.3"]
[White "Cernovsky KHO, Jiri"]
[Black "Vykouk TUR_A, Jan"]
[Result "0-1"]
[BlackElo "2374"]
[WhiteElo "2052"]
[LiveChessVersion "1.4.8"]

1. d4 {[%clk 0:03:03]} Nf6 {[%clk 0:03:03]} 2. c4 {[%clk 0:03:04]} g6
{[%clk 0:03:04]} 3. Nc3 {[%clk 0:03:05]} Bg7 {[%clk 0:03:05]} 4. e4
{[%clk 0:03:07]} d6 {[%clk 0:03:06]} 5. f3 {[%clk 0:03:08]} c6 {[%clk 0:03:08]}
6. Be3 {[%clk 0:03:10]} a6 {[%clk 0:03:09]} 7. Qd2 {[%clk 0:03:11]} b5
{[%clk 0:03:10]} 8. O-O-O {[%clk 0:03:10]} bxc4 {[%clk 0:03:08]} 9. Bxc4
{[%clk 0:03:10]} O-O {[%clk 0:03:00]} 10. Bh6 {[%clk 0:02:57]} d5
{[%clk 0:02:59]} 11. exd5 {[%clk 0:02:42]} cxd5 {[%clk 0:02:59]} 12. Bb3
{[%clk 0:02:41]} Nc6 {[%clk 0:02:57]} 13. Bxg7 {[%clk 0:02:41]} Kxg7
{[%clk 0:02:57]} 14. Nge2 {[%clk 0:02:38]} a5 {[%clk 0:02:52]} 15. Nf4
{[%clk 0:02:30]} a4 {[%clk 0:02:13]} 16. Bxd5 {[%clk 0:02:22]} Nxd5
{[%clk 0:02:14]} 17. Nfxd5 {[%clk 0:02:19]} a3 {[%clk 0:02:15]} 18. b3
{[%clk 0:02:11]} e6 {[%clk 0:01:24]} 19. Ne3 {[%clk 0:02:07]} Nb4
{[%clk 0:01:13]} 20. h4 {[%clk 0:01:46]} Qc7 {[%clk 0:00:58]} 21. Kb1
{[%clk 0:01:43]} Ba6 {[%clk 0:00:59]} 22. d5 {[%clk 0:01:27]} Bd3+
{[%clk 0:00:50]} 23. Ka1 {[%clk 0:01:26]} Rfc8 {[%clk 0:00:46]} 24. Rc1
{[%clk 0:01:24]} Ra5 {[%clk 0:00:17]} 25. Na4 {[%clk 0:01:09]} Qe5+
{[%clk 0:00:17]} 26. Nc3 {[%clk 0:01:02]} Rac5 {[%clk 0:00:15]} 27. Ned1
{[%clk 0:00:59]} Nc2+ {[%clk 0:00:07]} 28. Rxc2 {[%clk 0:00:56]} Bxc2
{[%clk 0:00:08]} 29. f4 {[%clk 0:00:20]} Qf6 {[%clk 0:00:08]} 30. Ne3
{[%clk 0:00:10]} Qxc3+ {[%clk 0:00:08]} 31. Qxc3+ {[%clk 0:00:11]} Rxc3
{[%clk 0:00:09]} 0-1

[Event "M?R 2020 v bleskovém ?achu druzstev"]
[Site "Turnov"]
[Date "2020.09.12"]
[Round "15.4"]
[White "Studnicka TUR_A, Tomas"]
[Black "Keller KHO, Daniel"]
[Result "1-0"]
[BlackElo "2096"]
[WhiteElo "2155"]
[LiveChessVersion "1.4.8"]

1. d4 {[%clk 0:03:03]} d5 {[%clk 0:03:03]} 2. Nf3 {[%clk 0:03:04]} Nf6
{[%clk 0:03:04]} 3. c3 {[%clk 0:03:04]} Bf5 {[%clk 0:03:04]} 4. Bf4
{[%clk 0:03:05]} c6 {[%clk 0:03:04]} 5. Nbd2 {[%clk 0:03:06]} e6 {[%clk 0:03:05]}
6. e3 {[%clk 0:03:04]} Bd6 {[%clk 0:03:06]} 7. Bg3 {[%clk 0:03:05]} Qc7
{[%clk 0:03:05]} 8. Be2 {[%clk 0:03:04]} Nbd7 {[%clk 0:03:06]} 9. Nh4
{[%clk 0:02:58]} Bg6 {[%clk 0:03:03]} 10. O-O {[%clk 0:02:52]} Bxg3
{[%clk 0:02:58]} 11. hxg3 {[%clk 0:02:52]} O-O {[%clk 0:02:56]} 12. f4
{[%clk 0:02:37]} Be4 {[%clk 0:02:39]} 13. g4 {[%clk 0:02:38]} Rfd8
{[%clk 0:02:24]} 14. g5 {[%clk 0:02:38]} Ne8 {[%clk 0:02:25]} 15. Nxe4
{[%clk 0:02:24]} dxe4 {[%clk 0:02:25]} 16. Qe1 {[%clk 0:02:24]} Nd6
{[%clk 0:02:21]} 17. g4 {[%clk 0:02:20]} c5 {[%clk 0:02:12]} 18. Rd1
{[%clk 0:02:04]} cxd4 {[%clk 0:02:07]} 19. Rxd4 {[%clk 0:02:05]} Nf8
{[%clk 0:02:05]} 20. Ng2 {[%clk 0:01:50]} Qb6 {[%clk 0:02:03]} 21. Qc1
{[%clk 0:01:46]} Rac8 {[%clk 0:02:00]} 22. Rfd1 {[%clk 0:01:47]} Nb5
{[%clk 0:01:19]} 23. Rxd8 {[%clk 0:01:42]} Rxd8 {[%clk 0:01:17]} 24. Rxd8
{[%clk 0:01:43]} Qxd8 {[%clk 0:01:17]} 25. Bxb5 {[%clk 0:01:44]} e5
{[%clk 0:01:13]} 26. Bc4 {[%clk 0:01:24]} exf4 {[%clk 0:01:12]} 27. exf4
{[%clk 0:01:25]} Qc8 {[%clk 0:01:09]} 28. Be2 {[%clk 0:01:23]} Qc5+
{[%clk 0:01:06]} 29. Qe3 {[%clk 0:01:23]} Qa5 {[%clk 0:01:03]} 30. Bc4
{[%clk 0:01:23]} Qd8 {[%clk 0:01:01]} 31. Qd4 {[%clk 0:01:16]} Qc8
{[%clk 0:00:59]} 32. f5 {[%clk 0:01:09]} Qc7 {[%clk 0:00:52]} 33. Qxe4
{[%clk 0:01:06]} Qg3 {[%clk 0:00:53]} 34. Qe8 {[%clk 0:00:54]} 1-0